00827nam a22002175i 4500001000700000003000900007005001700016008004100033080002100074100003700095245012500132260003200257300002100289490003100310500002700341500009900368500003800467700003200505830003100537852004100568176594ES-MaACL20251115063319.0110125s1955 sp a |||| | spa d a821.134.2-22"19"1 aMuñoz Seca, Pedro, d1881-193613aUn drama de Calderón b: juguete cómico en dos actos / coriginal de Pedro Muñoz Seca y Pedro Pérez Fernández. aMadrid : b[s. n., c1955?] a43 p. ; c17 cm.1 aBiblioteca teatral ; v182 aAnteportada ilustrada. aEn port. : Estrenada en el teatro Infanta Isabel, de Madrid, la noche del 17 de enero de 1919. aEncuadernado con otros títulos.0 aPérez Fernández, Pedro.0 aBiblioteca teatral ; v182 aES-MaACLjE-14129 (182) xOlim P-302